[Event "2 IECC, Ohrid"]
[Site "Ohrid MKD"]
[Date "2001.06.09"]
[Round "8.77"]
[White "Mchedlishvili, Mikheil"]
[Black "Rabiega, Robert"]
[Result "1-0"]
[WhiteElo "2416"]
[BlackElo "2517"]
[EventDate "2001.06.01"]
[PlyCount "63"]

1.Nf3 Nc6 2.d4 d5 3.g3 Bf5 4.Bg2 Nb4 5.Na3 c6 6.O-O h6 7.Bd2 e6 8.c4 dxc4 
9.Nxc4 Nd5 10.Qb3 Rb8 11.Ba5 Qc8 12.Nfe5 Ngf6 13.Rfe1 Be4 14.f3 Bh7 15.e4 
Nb6 16.Nxb6 axb6 17.Bxb6 Be7 18.Bh3 O-O 19.Rac1 Ra8 20.a3 Qb8 21.Bxe6 fxe6
22.Qxe6+ Kh8 23.Qxe7 Qc8 24.Kg2 Re8 25.Qc7 Qe6 26.Qf7 Bg8 27.Qxe6 Bxe6 28.
g4 Nd7 29.Nxd7 Bxd7 30.Bc7 Rac8 31.Bf4 Be6 32.Kg3 1-0

[Event "2 IECC, Ohrid"]
[Site "Ohrid MKD"]
[Date "2001.06.09"]
[Round "8.79"]
[White "Nedev, Trajce"]
[Black "Azarov, Sergei"]
[Result "1-0"]
[WhiteElo "2514"]
[BlackElo "2452"]
[EventDate "2001.06.01"]
[PlyCount "45"]

1.e4 e5 2.Nf3 Nc6 3.d4 exd4 4.Nxd4 Bc5 5.Be3 Qf6 6.c3 Nge7 7.Bc4 b6 8.O-O 
Bb7 9.f4 O-O-O 10.b4 Nxd4 11.bxc5 Ne6 12.Qa4 Nxc5 13.Bxc5 bxc5 14.Nd2 d5 
15.e5 Qg6 16.Be2 Nf5 17.Rab1 a6 18.Bd3 c4 19.Qb4 Ba8 20.Bc2 d4 21.Be4 Bxe4
22.Nxe4 d3 23.e6 1-0

[Event "2 IECC, Ohrid"]
[Site "Ohrid MKD"]
[Date "2001.06.09"]
[Round "8.81"]
[White "Guliev, Sarhan"]
[Black "Torfinnsson, Bragi"]
[Result "0-1"]
[WhiteElo "2528"]
[BlackElo "2292"]
[EventDate "2001.06.01"]
[PlyCount "96"]

1.d4 Nf6 2.c4 e6 3.Nc3 Bb4 4.e3 O-O 5.Ne2 d5 6.a3 Bd6 7.Ng3 b6 8.cxd5 exd5
9.Bd3 Re8 10.b4 c6 11.O-O b5 12.a4 Bxb4 13.Nce2 Bd7 14.f3 c5 15.Bxb5 Qb6 
16.Bd3 Nc6 17.Kh1 h5 18.Rb1 a5 19.Nf5 c4 20.Bc2 Qc7 21.Nf4 Bxf5 22.Bxf5 
Bd6 23.Ne2 Bb4 24.Bc2 Rad8 25.Bf5 Qe7 26.Qc2 g6 27.Bh3 Bd6 28.Nc3 Nb4 29.
Qd1 Nd3 30.Bd2 Bb4 31.Qc2 Qd6 32.g3 Rb8 33.Bg2 Kg7 34.Nb5 Qc6 35.Kg1 Rb7 
36.Nc3 Qd6 37.Rfd1 h4 38.g4 Rbe7 39.Bf1 Nf2 40.Nb5 Qb8 41.Bxb4 axb4 42.
Qxf2 Rxe3 43.Rxb4 Qf4 44.Rb2 Rxf3 45.Qd2 Qxg4+ 46.Qg2 Qf4 47.Rf2 Rxf2 48.
Qxf2 Qg4+ 0-1

[Event "2 IECC, Ohrid"]
[Site "Ohrid MKD"]
[Date "2001.06.09"]
[Round "8.82"]
[White "Abbasov, Farid"]
[Black "Turov, Maxim"]
[Result "0-1"]
[WhiteElo "2439"]
[BlackElo "2553"]
[EventDate "2001.06.01"]
[PlyCount "142"]

1.d4 Nf6 2.c4 g6 3.f3 d5 4.cxd5 Nxd5 5.e4 Nb6 6.Nc3 Bg7 7.Be3 O-O 8.Qd2 
Nc6 9.O-O-O e5 10.d5 Nd4 11.Nb5 Nxb5 12.Bxb5 Bd7 13.Be2 c6 14.dxc6 Bxc6 
15.Qxd8 Rfxd8 16.Nh3 Bf8 17.Kb1 Be7 18.Rc1 Rac8 19.Nf2 Bd7 20.Rhd1 Rxc1+ 
21.Rxc1 Rc8 22.b3 Rxc1+ 23.Kxc1 Nc8 24.Bc4 Nb6 25.Bxb6 axb6 26.Nd3 Bd6 27.
a4 Bc6 28.Kd2 Kf8 29.b4 Bd7 30.b5 Ke7 31.Bd5 Bc8 32.Nb2 Bc5 33.Nc4 f6 34.
Kd3 h5 35.h3 h4 36.Kc3 Bf2 37.Kd3 Bc5 38.Nd2 Bb4 39.Nb1 Be1 40.Kc4 Kd6 41.
Na3 Ke7 42.Nc2 Bf2 43.Nb4 Bc5 44.Nd3 Be3 45.Kc3 Bd4+ 46.Kb3 Be3 47.Bg8 Bd2
48.Kc2 Ba5 49.Bd5 Kd6 50.Bf7 g5 51.Kb3 f5 52.Bc4 g4 53.hxg4 fxg4 54.fxg4 
Bxg4 55.Kc2 Bh5 56.Nc1 Be1 57.Bd5 Bf3 58.Nd3 Bg3 59.Bxb7 Kc7 60.Bd5 Bxg2 
61.Be6 Kd6 62.Bf5 h3 63.Bxh3 Bxh3 64.Kd2 Bf4+ 65.Kc3 Be3 66.Nb4 Bd4+ 67.
Kd3 Bf1+ 68.Kd2 Kc5 69.Nc6 Bg2 70.Kd3 Bf1+ 71.Kd2 Kc4 0-1

[Event "2 IECC, Ohrid"]
[Site "Ohrid MKD"]
[Date "2001.06.09"]
[Round "8.85"]
[White "Smirnov, Pavel"]
[Black "Likavsky, Tomas"]
[Result "1-0"]
[WhiteElo "2511"]
[BlackElo "2425"]
[EventDate "2001.06.01"]
[PlyCount "95"]

1.e4 c5 2.Nf3 d6 3.d4 cxd4 4.Nxd4 Nf6 5.Nc3 a6 6.Be3 e5 7.Nb3 Be6 8.f3 
Nbd7 9.g4 Nb6 10.g5 Nh5 11.Qd2 Be7 12.Qf2 Nc4 13.Bxc4 Bxc4 14.h4 Rc8 15.
O-O-O Qc7 16.f4 exf4 17.Bxf4 Nxf4 18.Qxf4 O-O 19.Nd4 g6 20.h5 Qa5 21.Rdg1 
Bxa2 22.Rg3 Qe5 23.Qh4 Qxd4 24.hxg6 Qg7 25.gxh7+ Kh8 26.Nxa2 Rc5 27.Rhg1 
Rfc8 28.Nc3 d5 29.exd5 Bd6 30.Re3 Be5 31.Rge1 Rc4 32.Re4 Rxe4 33.Qxe4 Bxc3
34.bxc3 Qxc3 35.Re3 Qa1+ 36.Kd2 b5 37.g6 fxg6 38.Qxg6 Qd4+ 39.Ke2 Qg7 40.
Qxg7+ Kxg7 41.Re7+ Kf6 42.d6 Rxc2+ 43.Kd3 Rc8 44.Rc7 Rd8 45.d7 Ke6 46.Kc2 
Rf8 47.Rc8 Rf2+ 48.Kd1 1-0

[Event "2 IECC, Ohrid"]
[Site "Ohrid MKD"]
[Date "2001.06.09"]
[Round "8.88"]
[White "Izoria, Zviad"]
[Black "Kocovski, Ivan"]
[Result "1-0"]
[WhiteElo "2489"]
[BlackElo "2324"]
[EventDate "2001.06.01"]
[PlyCount "39"]

1.c4 Nf6 2.Nc3 g6 3.g3 Bg7 4.Bg2 O-O 5.d4 c5 6.Nf3 cxd4 7.Nxd4 Qc7 8.b3 d5
9.O-O dxc4 10.Ncb5 Qd8 11.bxc4 a6 12.Nc3 e5 13.Nb3 Nc6 14.Be3 Nd7 15.Nd5 
Re8 16.Rb1 Nf8 17.Nc5 b5 18.Ne4 Nd4 19.Bg5 Qa5 20.Ndf6+ 1-0

[Event "2 IECC, Ohrid"]
[Site "Ohrid MKD"]
[Date "2001.06.09"]
[Round "8.90"]
[White "Kempinski, Robert"]
[Black "Khruschiov, Alexei"]
[Result "1/2-1/2"]
[WhiteElo "2582"]
[BlackElo "2400"]
[EventDate "2001.06.01"]
[PlyCount "84"]

1.d4 Nf6 2.c4 g6 3.Nc3 Bg7 4.Nf3 O-O 5.Bg5 c5 6.d5 d6 7.e3 h6 8.Bh4 a6 9.
Nd2 e6 10.a4 Nbd7 11.Be2 e5 12.a5 Qc7 13.O-O Nh7 14.e4 Kh8 15.Ra3 f5 16.
exf5 gxf5 17.f4 exf4 18.Rxf4 Ne5 19.Rf1 Bd7 20.Qc2 Rg8 21.Bd1 Ng4 22.Ne2 
Rae8 23.Rff3 Ng5 24.Bxg5 hxg5 25.Rh3+ Nh6 26.Rh5 Qd8 27.Nf3 g4 28.Ng5 Qf6 
29.Qd2 Re7 30.g3 Rge8 31.Kg2 Kg8 32.Nf4 Nf7 33.Nge6 Rxe6 34.dxe6 Rxe6 35.
Ba4 Bxa4 36.Rxa4 Re4 37.b3 Bh6 38.Ra2 Bxf4 39.gxf4 Qg6 40.Rh4 Qf6 41.Rh5 
Qg6 42.Rh4 Qf6 1/2-1/2

[Event "2 IECC, Ohrid"]
[Site "Ohrid MKD"]
[Date "2001.06.09"]
[Round "8.92"]
[White "Minasian, Ara"]
[Black "Kiroski, Toni"]
[Result "1-0"]
[WhiteElo "2478"]
[BlackElo "2403"]
[EventDate "2001.06.01"]
[PlyCount "89"]

1.Nf3 d5 2.d4 e6 3.c4 c6 4.Nc3 Nf6 5.Bg5 Be7 6.e3 h6 7.Bh4 O-O 8.Bd3 b6 9.
O-O Bb7 10.Qe2 Nbd7 11.Rfd1 c5 12.Rac1 Ne4 13.Bg3 cxd4 14.Nxd4 Nxg3 15.
hxg3 Ne5 16.cxd5 Nxd3 17.Rxd3 exd5 18.Nf5 Bf6 19.Qg4 Bxc3 20.Rdxc3 Qf6 21.
Rc7 Rab8 22.R1c3 Kh7 23.Nd4 a6 24.Qf5+ Qxf5 25.Nxf5 Bc8 26.Nd4 Bg4 27.f3 
Bh5 28.R7c6 Rb7 29.Rd6 f6 30.Kf2 Bf7 31.g4 Ra8 32.Ke2 b5 33.Rcc6 a5 34.Ra6
Rxa6 35.Rxa6 a4 36.Kd2 Be8 37.Rd6 Bf7 38.Rc6 b4 39.Ra6 a3 40.b3 Bg6 41.Ra5
Rc7 42.Rb5 Bb1 43.Rxb4 Ra7 44.Nb5 Rb7 45.Kc3 1-0

[Event "2 IECC, Ohrid"]
[Site "Ohrid MKD"]
[Date "2001.06.09"]
[Round "8.94"]
[White "Hillarp Persson, Tiger"]
[Black "Gicev, Blagoja"]
[Result "1-0"]
[WhiteElo "2443"]
[BlackElo "2336"]
[EventDate "2001.06.01"]
[PlyCount "47"]

1.c4 g6 2.d4 Bg7 3.e4 d6 4.Nc3 Nf6 5.f3 O-O 6.Nge2 c5 7.d5 Nbd7 8.Ng3 h5 
9.Be2 Nh7 10.Be3 Ndf6 11.Qd2 h4 12.Nf1 e5 13.dxe6 Bxe6 14.O-O-O Qa5 15.Kb1
Rfd8 16.Nd5 Qa4 17.Nc3 Qc6 18.Bh6 Bh8 19.Ne3 Qc7 20.f4 b5 21.cxb5 a6 22.b6
Qxb6 23.f5 Bc8 24.e5 1-0

[Event "2 IECC, Ohrid"]
[Site "Ohrid MKD"]
[Date "2001.06.09"]
[Round "8.96"]
[White "Stanojoski, Zvonko"]
[Black "Gicov, Zoran"]
[Result "1-0"]
[WhiteElo "2435"]
[BlackElo "2257"]
[EventDate "2001.06.01"]
[PlyCount "79"]

1.e4 e5 2.Nf3 Nc6 3.Bb5 a6 4.Bxc6 dxc6 5.Nc3 Qd6 6.d4 exd4 7.Nxd4 Qg6 8.
O-O Bd7 9.Be3 O-O-O 10.Qe2 Nh6 11.Rad1 Bd6 12.f3 f5 13.Bxh6 Qxh6 14.e5 
Rhe8 15.f4 Bc5 16.Kh1 Bxd4 17.Rxd4 Be6 18.Qe3 Rxd4 19.Qxd4 b6 20.Qe3 Rd8 
21.b3 Qh5 22.Kg1 h6 23.Ne2 c5 24.c4 Qe8 25.Nc3 Qc6 26.Rd1 Rxd1+ 27.Nxd1 
Qd7 28.Nc3 Qd4 29.Kf2 c6 30.Qxd4 cxd4 31.Na4 Kc7 32.c5 b5 33.Nb6 a5 34.Ke2
a4 35.bxa4 Bxa2 36.Kd3 Be6 37.Kxd4 b4 38.Nc4 b3 39.Nd2 Bd5 40.g3 1-0

[Event "2 IECC, Ohrid"]
[Site "Ohrid MKD"]
[Date "2001.06.09"]
[Round "8.99"]
[White "Grant, Jonathan"]
[Black "Stamenkov, Vanco"]
[Result "0-1"]
[WhiteElo "2218"]
[BlackElo "2380"]
[EventDate "2001.06.01"]
[PlyCount "70"]

1.c4 Nf6 2.Nc3 c5 3.g3 Nc6 4.Bg2 g6 5.e4 Bg7 6.Nge2 O-O 7.d3 d6 8.O-O Rb8 
9.a4 a6 10.h3 Ne8 11.Be3 Nd4 12.Rb1 a5 13.f4 f5 14.Nb5 e5 15.Nec3 Be6 16.
exf5 Nxf5 17.Qe1 Nc7 18.Bd2 Nxb5 19.axb5 Qd7 20.Ne4 b6 21.Ng5 Kh8 22.Bc3 
Bg8 23.Be4 h6 24.Bc6 Qe7 25.Nf3 exf4 26.gxf4 Qxe1 27.Rbxe1 Bxc3 28.bxc3 
Ng3 29.Nh4 Rf6 30.Rf3 Nh5 31.Re7 Bh7 32.Ng2 Ng7 33.Ne3 Rbf8 34.Ng4 Nf5 35.
Be4 Nxe7 0-1

[Event "2 IECC, Ohrid"]
[Site "Ohrid MKD"]
[Date "2001.06.09"]
[Round "8.100"]
[White "Trkaljanov, Vladimir"]
[Black "Kizov, Atanas"]
[Result "1/2-1/2"]
[WhiteElo "2249"]
[BlackElo "2368"]
[EventDate "2001.06.01"]
[PlyCount "23"]

1.e4 e5 2.Nf3 Nc6 3.d4 exd4 4.Bc4 Nf6 5.O-O Nxe4 6.Re1 d5 7.Bxd5 Qxd5 8.
Nc3 Qh5 9.Nxe4 Be6 10.Bg5 Bd6 11.Nxd6+ cxd6 12.Bf4 1/2-1/2

[Event "2 IECC, Ohrid"]
[Site "Ohrid MKD"]
[Date "2001.06.09"]
[Round "8.101"]
[White "Vasovski, Nikola"]
[Black "Morrison, Chris"]
[Result "0-1"]
[WhiteElo "2359"]
[BlackElo "2176"]
[EventDate "2001.06.01"]
[PlyCount "84"]

1.d4 d6 2.Nf3 Nf6 3.c4 Nbd7 4.Nc3 e5 5.g3 Be7 6.Bg2 O-O 7.O-O c6 8.e4 a6 
9.Qc2 b5 10.Rd1 Qc7 11.h3 Re8 12.Be3 exd4 13.Nxd4 b4 14.Na4 c5 15.Nf5 Bb7 
16.Bf4 Ne5 17.Nxe7+ Rxe7 18.b3 Rd8 19.Rd2 Ng6 20.Bg5 Re6 21.f4 Nf8 22.f5 
Ree8 23.Rad1 Rd7 24.Bxf6 gxf6 25.Qd3 Re5 26.Qe2 Rde7 27.Qg4+ Kh8 28.Qh4 
Nd7 29.Rxd6 Bxe4 30.Qh6 Kg8 31.Bf1 Bxf5 32.g4 Bg6 33.Qd2 Nf8 34.Rd8 Re3 
35.Qd6 Qxd6 36.R8xd6 R7e5 37.Rd8 Kg7 38.Rc8 Ne6 39.Rd5 Rg3+ 40.Kf2 Ree3 
41.Nxc5 Rgf3+ 42.Kg1 Re1 0-1

[Event "2 IECC, Ohrid"]
[Site "Ohrid MKD"]
[Date "2001.06.10"]
[Round "9.1"]
[White "Van Wely, Loek"]
[Black "Tymoshenko, Heorhiy"]
[Result "1/2-1/2"]
[WhiteElo "2670"]
[BlackElo "2537"]
[EventDate "2001.06.01"]
[PlyCount "53"]

1.d4 Nf6 2.c4 e6 3.Nf3 b6 4.g3 Ba6 5.b3 b5 6.cxb5 Bxb5 7.Bg2 Bc6 8.O-O Qc8
9.Bg5 Qb7 10.Bxf6 gxf6 11.Nc3 d5 12.a3 a5 13.Qc2 Nd7 14.Nh4 Be7 15.Rfc1 f5
16.Na4 Bxa4 17.bxa4 Bxh4 18.gxh4 Ke7 19.Rab1 Qa7 20.Qd2 Rhg8 21.h3 c5 22.
dxc5 Nxc5 23.Qf4 Rac8 24.Rb5 Nd7 25.Rcb1 Rc4 26.Qd2 Rxa4 27.e3 1/2-1/2

[Event "2 IECC, Ohrid"]
[Site "Ohrid MKD"]
[Date "2001.06.10"]
[Round "9.6"]
[White "Vaganian, Rafael"]
[Black "Iordachescu, Viorel"]
[Result "1-0"]
[WhiteElo "2641"]
[BlackElo "2589"]
[EventDate "2001.06.01"]
[PlyCount "139"]

1.Nf3 Nf6 2.c4 e6 3.g3 d5 4.d4 c6 5.Nbd2 Nbd7 6.Bg2 Bd6 7.O-O O-O 8.Qc2 
Qe7 9.a3 Re8 10.Re1 e5 11.cxd5 cxd5 12.e4 dxe4 13.Nxe4 Nxe4 14.Qxe4 Qf8 
15.dxe5 Nxe5 16.Bf4 Nxf3+ 17.Qxf3 Bxf4 18.Qxf4 Be6 19.Rac1 Re7 20.Rc7 Qd8 
21.Rxe7 Qxe7 22.Bd5 Re8 23.Bxe6 fxe6 24.Rc1 Qd8 25.Rc7 Rf8 26.Qc1 Qd5 27.
h4 a6 28.Qe3 h6 29.Rc5 Qd6 30.Re5 Re8 31.b4 Re7 32.Qe4 Kf7 33.h5 Kf8 34.
Kg2 Ke8 35.Rc5 Kd8 36.Qh7 Rf7 37.Qg6 Rd7 38.Qc2 Qd4 39.Rc8+ Ke7 40.Qg6 Kd6
41.Rf8 Qd5+ 42.Kh2 Kc6 43.Rc8+ Kd6 44.Rf8 Kc6 45.a4 Qe5 46.Rc8+ Kd6 47.Rc4
Ke7 48.Rf4 Kd6 49.Qe8 Qd5 50.Qb8+ Kc6 51.Qc8+ Kd6 52.Kg1 Qd1+ 53.Kg2 Qd5+ 
54.f3 Rc7 55.Qd8+ Rd7 56.Qb8+ Kc6 57.Re4 Rd8 58.Qa7 Qd2+ 59.Kh3 Qd5 60.g4 
Rd6 61.Qb8 Rd8 62.Qf4 Kb6 63.Qe3+ Kc7 64.Rxe6 Rf8 65.Re7+ Kb8 66.Kg3 Qc6 
67.a5 Ka8 68.Qe4 Qd6+ 69.f4 Rb8 70.Re6 1-0

[Event "2 IECC, Ohrid"]
[Site "Ohrid MKD"]
[Date "2001.06.10"]
[Round "9.9"]
[White "Aseev, Konstantin"]
[Black "Alexandrov, Alexei"]
[Result "1-0"]
[WhiteElo "2577"]
[BlackElo "2610"]
[EventDate "2001.06.01"]
[PlyCount "153"]

1.d4 Nf6 2.c4 e6 3.Nf3 d5 4.Nc3 Bb4 5.Bg5 h6 6.Bxf6 Qxf6 7.Qa4+ Nc6 8.a3 
Bxc3+ 9.bxc3 O-O 10.e3 Qg6 11.g3 a6 12.Qd1 dxc4 13.Bxc4 e5 14.O-O e4 15.
Nd2 Ne7 16.Qb1 b5 17.Be2 Bf5 18.c4 Rab8 19.cxb5 axb5 20.Rc1 c6 21.Rc5 h5 
22.Qc2 h4 23.Bf1 h3 24.a4 Ra8 25.Qd1 bxa4 26.Rxa4 Nd5 27.Qa1 Rab8 28.Qc1 
Bd7 29.Ra7 Rfd8 30.Qc2 Qg4 31.Ra1 Re8 32.Rca5 Nb4 33.Qc5 Nd3 34.Qh5 Nb4 
35.Qxg4 Bxg4 36.Rb1 f5 37.Nc4 Nd3 38.Raa1 c5 39.Nd6 Rxb1 40.Rxb1 Rd8 41.
dxc5 Nxc5 42.Nc4 Nd3 43.Bxd3 exd3 44.Nd2 f4 45.gxf4 Ra8 46.Kf1 Be2+ 47.Ke1
Ra6 48.Ne4 Kf8 49.Nc3 Bf3 50.Kd2 Rd6 51.Rb8+ Kf7 52.Rh8 Bg2 53.Rh5 Bf1 54.
Rd5 Rg6 55.Rf5+ Kg8 56.Rg5 Rb6 57.Rb5 Rd6 58.Rb1 Bg2 59.e4 Kh7 60.Ke3 d2 
61.Rd1 Kh6 62.Rxd2 Rc6 63.Ne2 Kh5 64.Rd5+ Kh4 65.f3 Ra6 66.Ng3 g6 67.f5 
gxf5 68.Rxf5 Ra3+ 69.Kf2 Ra2+ 70.Ne2 Ra3 71.e5 Ra5 72.Rf4+ Kg5 73.Re4 Ra1 
74.Re3 Ra7 75.e6 Re7 76.Re4 Kf5 77.Nf4 1-0

[Event "2 IECC, Ohrid"]
[Site "Ohrid MKD"]
[Date "2001.06.10"]
[Round "9.10"]
[White "Macieja, Bartlomiej"]
[Black "Anastasian, Ashot"]
[Result "1/2-1/2"]
[WhiteElo "2608"]
[BlackElo "2574"]
[EventDate "2001.06.01"]
[PlyCount "65"]

1.e4 e6 2.d4 d5 3.Nc3 dxe4 4.Nxe4 Bd7 5.Nf3 Bc6 6.Bd3 Nd7 7.O-O Ngf6 8.
Nxf6+ Qxf6 9.Be2 h6 10.c4 b6 11.d5 Bb7 12.Nd4 Bc5 13.Nb5 O-O 14.Nxc7 Rad8 
15.Nb5 exd5 16.cxd5 Ne5 17.Nc3 Bb4 18.Qb3 Bxc3 19.Qxc3 Rxd5 20.Qg3 Rd6 21.
Bxh6 Qxh6 22.Qxe5 Rg6 23.f3 Re6 24.Qb5 Qe3+ 25.Rf2 Rd8 26.Qb3 Qc5 27.Qc3 
Qxc3 28.bxc3 Rc6 29.Rc1 Rdc8 30.Bd1 Rxc3 31.Rxc3 Rxc3 32.Rd2 Ba6 33.Bb3 
1/2-1/2

[Event "2 IECC, Ohrid"]
[Site "Ohrid MKD"]
[Date "2001.06.10"]
[Round "9.19"]
[White "Dautov, Rustem"]
[Black "Stefansson, Hannes Hlifar"]
[Result "1-0"]
[WhiteElo "2631"]
[BlackElo "2570"]
[EventDate "2001.06.01"]
[PlyCount "71"]

1.d4 Nf6 2.c4 e6 3.Nf3 b6 4.g3 Ba6 5.Qa4 Bb7 6.Bg2 c5 7.dxc5 bxc5 8.O-O 
Be7 9.Nc3 O-O 10.Bf4 d6 11.Rad1 Qb6 12.Rd2 Rd8 13.Rfd1 h6 14.Qb5 Ne8 15.e4
Nd7 16.e5 Qxb5 17.Nxb5 d5 18.cxd5 Bxd5 19.Nc3 Nc7 20.Nxd5 Nxd5 21.Nh4 Bxh4
22.gxh4 N7b6 23.Bg3 Rac8 24.h5 c4 25.f4 c3 26.bxc3 Rxc3 27.f5 Re8 28.fxe6 
fxe6 29.Bh3 Nf4 30.Bg4 Nbd5 31.Rd4 g5 32.hxg6 Nxg6 33.Bxe6+ Rxe6 34.Rxd5 
h5 35.Rd6 Kf7 36.Rf1+ 1-0

[Event "2 IECC, Ohrid"]
[Site "Ohrid MKD"]
[Date "2001.06.10"]
[Round "9.23"]
[White "Khenkin, Igor"]
[Black "Reinderman, Dimitri"]
[Result "1/2-1/2"]
[WhiteElo "2609"]
[BlackElo "2539"]
[EventDate "2001.06.01"]
[PlyCount "47"]

1.d4 Nf6 2.c4 g6 3.Nc3 Bg7 4.e4 d6 5.f3 O-O 6.Nge2 c5 7.d5 e6 8.Ng3 exd5 
9.cxd5 Nh5 10.Nxh5 gxh5 11.Bd3 f5 12.O-O Nd7 13.Bc2 Ne5 14.Ne2 Ng6 15.exf5
Bxf5 16.Bxf5 Rxf5 17.Ng3 Rf7 18.Nxh5 Bd4+ 19.Kh1 Qh4 20.f4 Re8 21.Bd2 Bxb2
22.Rb1 Bd4 23.Rb3 Qe7 24.Ng3 1/2-1/2

[Event "2 IECC, Ohrid"]
[Site "Ohrid MKD"]
[Date "2001.06.10"]
[Round "9.24"]
[White "Volokytin, Andriy"]
[Black "Georgiev, Vladimir"]
[Result "1-0"]
[WhiteElo "2493"]
[BlackElo "2592"]
[EventDate "2001.06.01"]
[PlyCount "69"]

1.e4 c5 2.Nf3 Nc6 3.d4 cxd4 4.Nxd4 Nf6 5.Nc3 d6 6.Be2 g6 7.Nb3 Bg7 8.Bg5 
O-O 9.Qd2 a6 10.Bh6 b5 11.h4 b4 12.Bxg7 Kxg7 13.Nd5 Nxe4 14.Qe3 f5 15.h5 
g5 16.Bf3 Kh6 17.Bxe4 fxe4 18.Qxe4 Bf5 19.Qe2 Rc8 20.O-O Ne5 21.Nd4 Bg4 
22.f3 Bxh5 23.Qe3 Qd7 24.f4 Nc4 25.Qe6+ Qxe6 26.fxg5+ Kg6 27.Nxe6 Rxf1+ 
28.Rxf1 Bg4 29.Nxe7+ Kh5 30.Nxc8 Bxe6 31.Nxd6 Nxb2 32.Rb1 Na4 33.Rxb4 Nc3 
34.Ne4 a5 35.Rb6 1-0

[Event "2 IECC, Ohrid"]
[Site "Ohrid MKD"]
[Date "2001.06.10"]
[Round "9.25"]
[White "Volkov, Sergei"]
[Black "Nielsen, Peter Heine"]
[Result "1-0"]
[WhiteElo "2558"]
[BlackElo "2585"]
[EventDate "2001.06.01"]
[PlyCount "103"]

1.d4 d5 2.c4 e6 3.Nc3 Be7 4.Nf3 Nf6 5.Bg5 h6 6.Bxf6 Bxf6 7.e3 O-O 8.Qb3 c6
9.Be2 Nd7 10.O-O Rb8 11.a4 a5 12.Rfd1 Be7 13.e4 dxe4 14.Nxe4 Nf6 15.Qe3 
Qc7 16.Ne5 b6 17.Nxf6+ Bxf6 18.Ng4 Bg5 19.Qe5 Rb7 20.Ra3 Bd7 21.Rb3 Rfb8 
22.Bf3 Be8 23.g3 Be7 24.Qxc7 Rxc7 25.c5 Rcb7 26.Ne5 bxc5 27.Rxb7 Rxb7 28.
Bxc6 Bxc6 29.Nxc6 cxd4 30.Rxd4 Kf8 31.Nxa5 Rxb2 32.Rc4 Bd8 33.Rc8 Ke7 34.
Nc6+ Kd7 35.Rxd8+ Kxc6 36.a5 Rb7 37.Ra8 Re7 38.Kg2 Kb7 39.Rg8 f6 40.Kh3 
Ka6 41.Kg4 Rd7 42.Kh5 Kxa5 43.h4 f5 44.Kg6 Rd2 45.Kxg7 Rxf2 46.Kxh6 e5 47.
Re8 e4 48.Kg6 Kb4 49.h5 Kc3 50.h6 Rf3 51.g4 fxg4 52.Rxe4 1-0

[Event "2 IECC, Ohrid"]
[Site "Ohrid MKD"]
[Date "2001.06.10"]
[Round "9.26"]
[White "Asrian, Karen"]
[Black "Sulskis, Sarunas"]
[Result "1/2-1/2"]
[WhiteElo "2582"]
[BlackElo "2530"]
[EventDate "2001.06.01"]
[PlyCount "53"]

1.e4 e5 2.Nf3 Nc6 3.Bb5 a6 4.Ba4 Nf6 5.O-O Be7 6.Re1 b5 7.Bb3 d6 8.c3 O-O 
9.h3 Na5 10.Bc2 c5 11.d4 Nc6 12.d5 Na5 13.b3 Ne8 14.a4 Bd7 15.axb5 axb5 
16.Nbd2 g6 17.Qe2 Ng7 18.Ra2 Qb6 19.Nf1 Nb7 20.Bd3 Rxa2 21.Qxa2 Qa5 22.Qb1
Ra8 23.Bb2 f6 24.Ne3 Nd8 25.Qc2 Qc7 26.Qe2 Ra2 27.Bb1 1/2-1/2

[Event "2 IECC, Ohrid"]
[Site "Ohrid MKD"]
[Date "2001.06.10"]
[Round "9.33"]
[White "Baklan, Volodymyr"]
[Black "Volzhin, Alexander"]
[Result "1/2-1/2"]
[WhiteElo "2613"]
[BlackElo "2528"]
[EventDate "2001.06.01"]
[PlyCount "39"]

1.e4 e5 2.Nf3 Nf6 3.Nxe5 d6 4.Nf3 Nxe4 5.d4 d5 6.Bd3 Bd6 7.O-O O-O 8.c4 c6
9.Nc3 Nxc3 10.bxc3 dxc4 11.Bxc4 Bg4 12.h3 Bh5 13.Rb1 b5 14.Bd3 Nd7 15.g4 
Bg6 16.Bxg6 hxg6 17.d5 cxd5 18.Qxd5 Nf6 19.Qd4 a6 20.a4 1/2-1/2

[Event "2 IECC, Ohrid"]
[Site "Ohrid MKD"]
[Date "2001.06.10"]
[Round "9.35"]
[White "Cvitan, Ognjen"]
[Black "Fedorov, Alexei"]
[Result "1/2-1/2"]
[WhiteElo "2526"]
[BlackElo "2590"]
[EventDate "2001.06.01"]
[PlyCount "57"]

1.d4 Nf6 2.c4 g6 3.Nf3 Bg7 4.g3 O-O 5.Bg2 d6 6.O-O Nc6 7.Nc3 a6 8.b3 Rb8 
9.e3 Re8 10.Bb2 b5 11.Qe2 bxc4 12.Qxc4 Nb4 13.a3 Be6 14.Qe2 Nbd5 15.Nxd5 
Bxd5 16.b4 a5 17.bxa5 c6 18.Bc3 Ne4 19.Be1 e5 20.dxe5 dxe5 21.Qc2 f5 22.
Nd2 Ng5 23.e4 fxe4 24.Nxe4 Bxe4 25.Bxe4 Nxe4 26.Qxe4 Qd4 27.Qxd4 exd4 28.
Bb4 Bf8 29.Rac1 1/2-1/2

[Event "2 IECC, Ohrid"]
[Site "Ohrid MKD"]
[Date "2001.06.10"]
[Round "9.36"]
[White "San Segundo Carrillo, Pablo"]
[Black "Galkin, Alexander"]
[Result "0-1"]
[WhiteElo "2508"]
[BlackElo "2584"]
[EventDate "2001.06.01"]
[PlyCount "90"]

1.d4 d5 2.c4 e6 3.Nc3 c6 4.Nf3 dxc4 5.a4 Bb4 6.e3 b5 7.Bd2 a5 8.axb5 Bxc3 
9.Bxc3 cxb5 10.b3 Bb7 11.d5 Nf6 12.bxc4 b4 13.Bxf6 Qxf6 14.Qa4+ Nd7 15.Nd4
e5 16.Nb3 Ke7 17.Be2 Rhc8 18.Bg4 Qd6 19.O-O Rxc4 20.Bxd7 Qxd7 21.Qxd7+ 
Kxd7 22.Nxa5 Rc3 23.e4 Ba6 24.Rfe1 Bb5 25.f3 Ra3 26.Rxa3 bxa3 27.Nb3 a2 
28.Kf2 Bc4 29.Na1 Rb8 30.Rc1 Rb2+ 31.Rc2 Rb4 32.Rc1 Kd6 33.Ke3 Rb1 34.Kd2 
Rxc1 35.Kxc1 Bf1 36.Kb2 Bxg2 37.Nb3 Bxf3 38.Nd2 Be2 39.Kxa2 h5 40.Kb2 h4 
41.Nb1 g5 42.Nc3 Bf3 43.Kc2 g4 44.Kd3 g3 45.hxg3 h3 0-1

[Event "2 IECC, Ohrid"]
[Site "Ohrid MKD"]
[Date "2001.06.10"]
[Round "9.37"]
[White "Pigusov, Evgeny"]
[Black "Zelcic, Robert"]
[Result "1-0"]
[WhiteElo "2584"]
[BlackElo "2503"]
[EventDate "2001.06.01"]
[PlyCount "69"]

1.Nf3 Nf6 2.c4 c5 3.g3 d5 4.Bg2 Nc6 5.cxd5 Nxd5 6.Nc3 e6 7.O-O Be7 8.d4 
O-O 9.e4 Nb6 10.dxc5 Qxd1 11.Rxd1 Bxc5 12.e5 Nc4 13.Na4 Be7 14.Bf4 Nb6 15.
Nxb6 axb6 16.Nd4 Nxd4 17.Rxd4 g5 18.Bd2 f6 19.exf6 Bxf6 20.Rb4 Be7 21.Rb3 
Bc5 22.Be3 Ra5 23.a3 Bxe3 24.fxe3 Rc5 25.Rxb6 Rd8 26.a4 Rd2 27.a5 Rcc2 28.
Be4 Rc4 29.Bh1 Rcc2 30.b4 Rc3 31.Rxb7 Rdc2 32.Rb8 Kg7 33.Be4 Rb2 34.b5 
Rxe3 35.Bc6 1-0

[Event "2 IECC, Ohrid"]
[Site "Ohrid MKD"]
[Date "2001.06.10"]
[Round "9.41"]
[White "Ermenkov, Evgeny"]
[Black "Neverov, Valeriy"]
[Result "1/2-1/2"]
[WhiteElo "2478"]
[BlackElo "2562"]
[EventDate "2001.06.01"]
[PlyCount "88"]

1.e4 c5 2.Nf3 d6 3.d4 cxd4 4.Nxd4 Nf6 5.Nc3 a6 6.a4 g6 7.Be2 Bg7 8.Be3 Nc6
9.O-O O-O 10.f4 Bd7 11.Nb3 Rc8 12.Bf3 Be6 13.Nd5 Bxd5 14.exd5 Na5 15.Nxa5 
Qxa5 16.c3 Rc4 17.Kh1 Rfc8 18.b3 Rxc3 19.Bd2 Nxd5 20.Bxd5 Qxd5 21.Bxc3 
Qxd1 22.Rfxd1 Rxc3 23.Rab1 f5 24.Rdc1 Kf7 25.Rxc3 Bxc3 26.Rc1 Bd2 27.Rc7 
b5 28.Ra7 bxa4 29.bxa4 a5 30.g3 Kf6 31.Kg2 h6 32.h4 e5 33.fxe5+ Kxe5 34.
Kf3 Kf6 35.Rh7 h5 36.Rh8 Bb4 37.Rb8 Ke6 38.Rb5 Be1 39.Rb8 Bc3 40.Rg8 Kf7 
41.Rc8 Bb4 42.Ke2 d5 43.Rc6 d4 44.Ra6 Kg7 1/2-1/2

[Event "2 IECC, Ohrid"]
[Site "Ohrid MKD"]
[Date "2001.06.10"]
[Round "9.42"]
[White "Romanyshyn, Oleh"]
[Black "Duric, Stefan"]
[Result "1-0"]
[WhiteElo "2559"]
[BlackElo "2483"]
[EventDate "2001.06.01"]
[PlyCount "131"]

1.Nf3 c5 2.g3 g6 3.c3 Bg7 4.d4 Qa5 5.Nbd2 cxd4 6.Nb3 Qb6 7.cxd4 d5 8.Bg2 
Nc6 9.O-O e6 10.Bf4 Nge7 11.Qd2 Nf5 12.Rfd1 O-O 13.g4 Nfxd4 14.Nbxd4 Nxd4 
15.Nxd4 e5 16.Be3 exd4 17.Bxd4 Bxd4 18.Qxd4 Qa6 19.Bf3 Be6 20.h4 Rac8 21.
b3 Rc2 22.h5 Qb6 23.Qxb6 axb6 24.Rd4 Kg7 25.Rb4 gxh5 26.gxh5 Rc6 27.Kh2 
Kf6 28.Rg1 Rd8 29.Rg3 Rcd6 30.a4 h6 31.Bg2 R8d7 32.Rd4 Rc6 33.Rf3+ Ke5 34.
Rfd3 Rc2 35.f4+ Kf6 36.Bf3 Rdc7 37.Rb4 R7c6 38.Kg3 Ke7 39.f5 Bxf5 40.Rxd5 
Be6 41.Rd3 R6c3 42.Rxb6 Rxd3 43.exd3 Rc3 44.Rxb7+ Kd6 45.b4 Rxd3 46.Rb6+ 
Ke5 47.Rb5+ Kd4 48.Kf4 Kc3 49.a5 Bc4 50.Rb6 Rd4+ 51.Kg3 Rd3 52.b5 Kb4 53.
a6 Ra3 54.Kf4 Kc5 55.Rxh6 Bxb5 56.Bb7 Ra4+ 57.Ke5 Be2 58.Rc6+ Kb5 59.Rc2 
f6+ 60.Kxf6 Bf3 61.Bxf3 Rf4+ 62.Kg5 Rxf3 63.Ra2 Rg3+ 64.Kh6 Rg8 65.a7 Ra8 
66.Kg7 1-0

[Event "2 IECC, Ohrid"]
[Site "Ohrid MKD"]
[Date "2001.06.10"]
[Round "9.45"]
[White "Tischbierek, Raj"]
[Black "Georgiev, Kiril"]
[Result "0-1"]
[WhiteElo "2527"]
[BlackElo "2676"]
[EventDate "2001.06.01"]
[PlyCount "68"]

1.e4 c5 2.Nc3 Nc6 3.g3 g6 4.Bg2 Bg7 5.d3 d6 6.Be3 Rb8 7.Qd2 b5 8.Nge2 Nd4 
9.O-O e6 10.Nd1 Ne7 11.Nc1 h5 12.c3 Ndc6 13.Ne2 b4 14.f4 bxc3 15.bxc3 Qa5 
16.Rc1 d5 17.f5 gxf5 18.exd5 Nxd5 19.Bxd5 exd5 20.Bg5 d4 21.Qf4 Qxa2 22.
Re1 O-O 23.Bh6 Bxh6 24.Qxh6 Qe6 25.Qxh5 Re8 26.Nf2 dxc3 27.Nxc3 Qxe1+ 28.
Rxe1 Rxe1+ 29.Kg2 Ne5 30.Qg5+ Ng6 31.Qd8+ Kg7 32.Nd5 Bb7 33.Qxb8 Bxd5+ 34.
Kh3 Rg1 0-1